Central Library OPAC University of Rajshahi

আন্তর্জাতিক সম্পর্ক : (Record no. 75917)

MARC details
000 -LEADER
fixed length control field 01064nam a22002537a 4500
001 - CONTROL NUMBER
control field 75917
003 - CONTROL NUMBER IDENTIFIER
rucl marc code BD-RjUL
005 - DATE AND TIME OF LATEST TRANSACTION
control field 20211209082749.0
008 - FIXED-LENGTH DATA ELEMENTS--GENERAL INFORMATION
fixed length control field 190815s20142002bg ||||| |||| 00| 0 ben d
020 ## - INTERNATIONAL STANDARD BOOK NUMBER
International Standard Book Number 9789844103016
035 ## - SYSTEM CONTROL NUMBER
System control number (BD-RjUL)76136
040 ## - CATALOGING SOURCE
Original cataloging agency BD-RjUL
Language of cataloging ben
Transcribing agency BD-RjUL
041 ## - LANGUAGE CODE
Language code of text/sound track or separate title ben
082 ## - DEWEY DECIMAL CLASSIFICATION NUMBER
Edition number 23
Classification number 327
Author mark and year HAA 2014
100 ## - MAIN ENTRY--PERSONAL NAME
Personal name হালিম, মোঃ আবদুল
9 (RLIN) 143400
245 10 - TITLE STATEMENT
Title আন্তর্জাতিক সম্পর্ক :
Remainder of title সংক্ষিপ্ত ইতিহাস /
Statement of responsibility, etc. মোঃ আবদুল হালিম
246 ## - VARYING FORM OF TITLE
Title proper/short title A Short History of International Relations.
260 ## - PUBLICATION, DISTRIBUTION, ETC. (IMPRINT)
Place of publication, distribution, etc. ঢাকা :
Name of publisher, distributor, etc. মাওলা ব্রাদার্স,
Date of publication, distribution, etc. ২০০২ [পঞ্চম মুদ্রণ ২০১৪]
300 ## - PHYSICAL DESCRIPTION
Pagination ৩৩৬ পৃ. ;
Size ২১ সেমি.
504 ## - BIBLIOGRAPHY, ETC. NOTE
Bibliography, etc বিবলিওগ্রাফি সম্বিলত।
650 ## - SUBJECT ADDED ENTRY--TOPICAL TERM
Topical term or geographic name as entry element আন্তর্জাতিক সম্পর্ক
9 (RLIN) 143401
Topical term or geographic name as entry element International Relations
9 (RLIN) 143402
942 ## - ADDED ENTRY ELEMENTS (KOHA)
Source of classification or shelving scheme Dewey Decimal Classification
Koha item type Books
Holdings
Lost status Source of classification or shelving scheme Damaged status Not for loan Permanent Location Current Location Shelving location Date acquired Source of acquisition Cost, normal purchase price Total Checkouts Full call number Date last seen Copy number Koha item type Date checked out Total Renewals
  Dewey Decimal Classification   Not For Loan Central Library, University of Rajshahi Central Library, University of Rajshahi Reading Room 02/09/2019 Vidyasagar, Rajshahi 300.00   B 327 HAA 2014 15/09/2019 C-1 Books    
  Dewey Decimal Classification     Central Library, University of Rajshahi Central Library, University of Rajshahi   12/11/2019 Vidyasagar, Rajshahi 300.00 14 B 327 HAA 2014 25/01/2026 C-2 Books 08/01/2026  
  Dewey Decimal Classification     Central Library, University of Rajshahi Central Library, University of Rajshahi   12/11/2019 Vidyasagar, Rajshahi 300.00 9 B 327 HAA 2014 10/12/2025 C-3 Books 27/11/2025 1